Riadime ľudí v projektoch nastavujeme systém výkonnosti

Urobenie veci načas a efektívne. Vzťah riadenia ľudí na projekte a úspešnosti projektu. Správne riadenie každého člena tímu projektovým manažérom. Model systém výkonnosti. Pozorovateľné správanie pracovníka. Pracovník ako jednotlivec, ale aj ako tím alebo celý organizačný útvar. Bezprostredné prostr...

Descrizione completa

Salvato in:
Dettagli Bibliografici
Natura: Capitolo di libro
Lingua:slovacco
Soggetti:
Tags: Aggiungi Tag
Nessun Tag, puoi essere il primo ad aggiungerne!!

MARC

LEADER 00000naa$a2200000$$$4500
001 0059862
005 20231116120144.8
041 0 |a slo 
044 |a SK 
245 1 0 |a Riadime ľudí v projektoch  |b nastavujeme systém výkonnosti 
520 |a Urobenie veci načas a efektívne. Vzťah riadenia ľudí na projekte a úspešnosti projektu. Správne riadenie každého člena tímu projektovým manažérom. Model systém výkonnosti. Pozorovateľné správanie pracovníka. Pracovník ako jednotlivec, ale aj ako tím alebo celý organizačný útvar. Bezprostredné prostredie pracovníka. Dôsledky a spätná väzba. 
610 2 0 |a riadenie personálne 
610 2 0 |a manažment 
610 2 0 |a pracovníci 
610 2 0 |a väzba spätná 
610 2 0 |a prostredie pracovné